000 00177nam a2200073Ia 4500
008 170524s9999 xx 000 0 und d
100 _aGUPTA- SP
245 0 _aBUSINESS STATISTICS
260 _bGALGOTIA PUB. HOUSE
999 _c8043
_d8043